| 000 | 01304nam a2200337 c 4500 | ||
|---|---|---|---|
| 003 | BLK | ||
| 005 | 20250728084657.0 | ||
| 008 | 180412b bul|||||r ||||||| ||bul|| | ||
| 010 | _aKNG00015350000 | ||
| 020 |
_a954-459-337-3 _bиздат.: Хермес |
||
| 040 | _aBLK | ||
| 041 |
_aBUL _cBUL |
||
| 080 |
_aАмериканска литература (на САЩ) _b821.111(73) _x-31 _z821.111(73)-31 |
||
| 100 |
_aБраун, Сандра _d1948- _gАмериканска писателка _eпърви автор _9241650 |
||
| 700 | 1 |
_aСтефанова, Пенка _eпрев. _9364745 |
|
| 139 |
_aБраун, Сандра _bБ 78 |
||
| 245 | 1 | 0 |
_aГолямата новина _bРоман _cСандра Браун; прев. Пенка Стефанова. |
| 257 | _aUSA | ||
| 260 |
_аПловдив _bХермес _c1996 |
||
| 300 |
_a175 с. _c20 см |
||
| 380 | _aX | ||
| 490 | 1 | _aКолекция Сандра Браун | |
| 500 | _aОриг. загл. Tidings of Great Joy / Sandra Brown. - 4 000 тир. | ||
| 653 | _aромани | ||
| 852 | _aЦб 190448 | ||
| 856 | 4 |
_qpdf _u |
|
| 856 | 4 |
_qpdf _u |
|
| 942 |
_cKNG _n0 _069 |
||
| 944 |
_aCR _c15.01.2003 _lЦветелина Шанова _k30531 |
||
| 944 |
_aED _c05.02.2016 _lф / _kЛюдмила_Стоянова |
||
| 999 |
_c13681 _d13681 |
||